Vedecké podujatia poriadané Fakultou výrobných technológií

Bibliographic Details
Main Author: Fabian, Stanislav (Author)
Format: Article
Language:Slovak

MARC

LEADER 00000nab a2200000ua 4500
001 vtls010835755
003 SK-MaSNL
005 20260303144418.0
008 230222s2005 xo |||||||||||||||||slo|
035 |a (urnnbn)urn:nbn:sk:snk:ar-a06r3c 
035 |a urn:nbn:sk:snk-ab5zn1 
035 |a (uuid)b2bb1619-9ac9-47f9-9765-42623fa47e00 
040 |a SNKBUCL  |b slo  |c SNKBUCL  |e AACR2 
041 0 |a slo 
044 |a xo  |c SK 
100 1 |a Fabian, Stanislav  |4 aut  |9 396136 
245 1 0 |a Vedecké podujatia poriadané Fakultou výrobných technológií  |c Stanislav Fabian 
246 3 |a Scientific Events Organized by the Faculty of Manufacturing Technologies 
773 0 |t Výrobné inžinierstvo  |g Roč. 4, č. 4 (2005), s. 82-83 
954 |a odborná, vedecká literatúra pôvodná (slovenská)  |2 lita 
958 |a OND 
958 |a EUIPO 
958 |a article5 
999 |c 1997286  |d 1999216